000 00458nam a2200157Ia 4500
008 151021s9999 xx 000 0 und d
020 _a9.7814129447e+012
050 _aHM586 .K69 2008
245 _a_contemporary readings in sociology Kathleen Odell Korgen
260 _aLos Angeles Pine Forge 2008
300 _axxi,270p.
500 _aincludes index.
500 _aincludes index.
650 _a_Sociology
980 _a^d20150423 10:48:53^oanne
999 _c15134
_d15134